Neu Z18/..., Z19/.... Führungsblock, Führungsbacke. Neu Z051/... Zentriereinheit, rund. 07/05.

Uloženo v:
Podrobná bibliografie
Korporativní autor: HASCO Hasenclever GmbH + Co. KG (Lüdenscheid) (Autor)
Médium: Kniha
Jazyk:němčina
angličtina
francouzština
Vydáno: [S.l.] : [s.n.], 2005
Vydání:[1. Aufl.]
Témata:
On-line přístup: Získat plný text
Tagy: Přidat tag
Žádné tagy, Buďte první, kdo vytvoří štítek k tomuto záznamu!

MARC

LEADER 00000nam a2200000 4500
003 SK-BrCVT
005 20220621163112.0
008 070807s2005 gw e ||||||ger d
035 |a CVTIDW1411179 
040 |b slo  |a CVTI SR  |e AACR2 
041 0 |a ger  |a eng  |a fre 
044 |a gw 
080 |a 62-229.31  |2 UDC-MRF 
080 |a 621.74  |2 UDC-MRF 
110 2 |a HASCO Hasenclever GmbH + Co. KG (Lüdenscheid)  |4 aut 
245 1 0 |a Neu Z18/..., Z19/.... Führungsblock, Führungsbacke. Neu Z051/... Zentriereinheit, rund. 07/05. 
250 |a [1. Aufl.] 
260 |a [S.l.] :  |b [s.n.],  |c 2005 
300 |a [8 s.] :  |b obr., tab. ; 
653 1 |a vodiaci blok  |a vodiaca čeľusť  |a odlievacie zariadenie  |a centrovanie 
910 |b F027214 
959 |a 5501 
974 |f Firemná literatúra 
992 |a FFP 
999 |c 154514  |d 154514